[Event "DVM U12 2020"]
[Site "Magdeburg GER"]
[Date "2021.08.07"]
[Round "5"]
[White "Dorendorf, Mika"]
[Black "Espig, Nils"]
[Result "1/2-1/2"]
[Termination "normal"]
[Board "1.3"]
[WhiteElo "1492"]
[BlackElo "1601"]
[WhiteClock "00:57:52"]
[BlackClock "00:14:58"]
[WhiteTeam "Hamburger SK von 1830 eV"]
[BlackTeam "USV TU Dresden"]
[PlyCount "103"]
[WhiteFideId "16283066"]
[BlackFideId "16236980"]
[EventCountry "GER"]
[EventRounds "7"]
[EventType "team-swiss"]
[EventDate "2021.08.04"]

1. d4 {[%clk 01:30:57]} d5 {[%clk 01:30:49]} 2. c4 {[%clk 01:31:22]} dxc4
{[%clk 01:31:08]} 3. Nf3 {[%clk 01:31:47]} Nf6 {[%clk 01:30:41]} 4. e3 {[%clk
01:31:08]} e6 {[%clk 01:29:23]} 5. Bxc4 {[%clk 01:31:26]} c5 {[%clk 01:29:00]}
6. O-O {[%clk 01:30:23]} cxd4 {[%clk 01:26:55]} {[%emt 00:23:39]} 7. exd4
{[%clk 01:29:36]} Be7 {[%clk 01:26:54]} 8. Nc3 {[%clk 01:29:18]} Nbd7 {[%clk
01:24:51]} 9. Re1 {[%clk 01:28:07]} O-O {[%clk 01:23:16]} {[%emt 00:00:05]} 10.
Bb3 {[%clk 01:27:08]} Nb6 {[%clk 01:21:36]} 11. Bg5 {[%clk 01:25:35]} h6 {[%clk
01:19:27]} 12. Bh4 {[%clk 01:23:59]} Re8 {[%clk 01:16:55]} {[%emt 00:00:51]}
13. Qd2 {[%clk 01:23:33]} {[%emt 00:00:56]} Nfd5 {[%clk 01:14:06]} {[%emt
00:14:10]} 14. Bxe7 {[%clk 01:23:37]} Rxe7 {[%clk 01:14:30]} 15. Re5 {[%clk
01:22:23]} Nxc3 {[%clk 01:09:58]} 16. bxc3 {[%clk 01:21:05]} {[%emt 00:00:05]}
Nd7 {[%clk 01:10:03]} 17. Re2 {[%clk 01:20:50]} Nf6 {[%clk 01:09:33]} {[%emt
00:07:30]} 18. Rae1 {[%clk 01:20:45]} Rc7 {[%clk 01:02:14]} {[%emt 00:19:53]}
19. c4 {[%clk 01:18:25]} b6 {[%clk 01:01:28]} 20. Rd1 {[%clk 01:17:13]} Ba6
{[%clk 01:01:26]} 21. Ne5 {[%clk 01:16:33]} Nd7 {[%clk 01:00:14]} {[%emt
00:00:04]} 22. Qc3 {[%clk 01:14:07]} b5 {[%clk 00:59:51]} 23. Nxd7 {[%clk
01:11:19]} Qxd7 {[%clk 00:59:15]} 24. Qf3 {[%clk 01:11:38]} Bb7 {[%clk
00:57:50]} {[%emt 00:00:51]} 25. Qd3 {[%clk 01:09:52]} {[%emt 00:02:25]} Rac8
{[%clk 00:53:29]} {[%emt 00:04:41]} 26. c5 {[%clk 01:07:47]} {[%emt 00:02:30]}
Rd8 {[%clk 00:52:33]} {[%emt 00:01:26]} 27. Qc3 {[%clk 01:06:26]} {[%emt
00:01:57]} Qc6 {[%clk 00:50:58]} {[%emt 00:04:14]} 28. f3 {[%clk 01:06:17]}
Rcd7 {[%clk 00:46:31]} {[%emt 00:03:21]} 29. Qb4 {[%clk 01:05:36]} {[%emt
00:01:11]} Ra8 {[%clk 00:40:29]} {[%emt 00:06:37]} 30. a4 {[%clk 01:05:14]}
{[%emt 00:00:47]} a6 {[%clk 00:39:34]} {[%emt 00:01:25]} 31. Bc2 {[%clk
01:04:59]} {[%emt 00:00:46]} Rdd8 {[%clk 00:35:18]} {[%emt 00:04:44]} 32. Be4
{[%clk 01:04:43]} {[%emt 00:00:50]} Qd7 {[%clk 00:35:34]} {[%emt 00:00:10]} 33.
Bxb7 {[%clk 01:04:53]} {[%emt 00:00:20]} Qxb7 {[%clk 00:35:59]} {[%emt
00:00:06]} 34. axb5 {[%clk 01:05:17]} {[%emt 00:00:11]} Qxb5 {[%clk 00:34:40]}
{[%emt 00:01:47]} 35. Qxb5 {[%clk 01:05:40]} {[%emt 00:00:09]} axb5 {[%clk
00:35:08]} 36. Rd3 {[%clk 01:05:11]} {[%emt 00:00:59]} Ra4 {[%clk 00:33:08]}
{[%emt 00:04:55]} 37. Red2 {[%clk 01:05:15]} Rc4 {[%clk 00:31:40]} 38. Kf2
{[%clk 01:03:17]} {[%emt 00:02:21]} Kf8 {[%clk 00:30:47]} {[%emt 00:01:24]} 39.
Ke3 {[%clk 01:03:11]} {[%emt 00:00:38]} Ke7 {[%clk 00:30:38]} {[%emt 00:00:42]}
40. f4 {[%clk 01:03:00]} {[%emt 00:00:38]} Rd7 {[%clk 00:26:10]} {[%emt
00:04:58]} 41. Rb3 {[%clk 01:02:35]} {[%emt 00:05:50]} Rb7 {[%clk 00:25:32]}
42. Rdd3 {[%clk 01:02:03]} Rc2 {[%clk 00:25:30]} 43. Rd2 {[%clk 01:02:20]} Rc4
{[%clk 00:24:35]} 44. Rbb2 {[%clk 01:01:51]} {[%emt 00:00:20]} Kd7 {[%clk
00:24:15]} {[%emt 00:00:54]} 45. Rdc2 {[%clk 01:01:40]} {[%emt 00:00:37]} Rxc2
{[%clk 00:23:44]} {[%emt 00:01:10]} 46. Rxc2 {[%clk 01:02:02]} Kc6 {[%clk
00:23:43]} {[%emt 00:00:30]} 47. Ra2 {[%clk 01:01:49]} {[%emt 00:00:43]} b4
{[%clk 00:21:57]} {[%emt 00:02:22]} 48. Kd3 {[%clk 01:01:14]} {[%emt 00:02:49]}
Kb5 {[%clk 00:20:53]} 49. Ra1 {[%clk 00:58:53]} {[%emt 00:02:35]} Rd7 {[%clk
00:18:44]} {[%emt 00:02:40]} 50. Ra8 {[%clk 00:58:24]} {[%emt 00:00:59]} Rb7
{[%clk 00:18:30]} {[%emt 00:00:43]} 51. Ra1 {[%clk 00:57:53]} {[%emt 00:01:01]}
g5 {[%clk 00:14:58]} {[%emt 00:11:02]} 52. g3 {[%clk 00:57:52]} 1/2-1/2

[Event "DVM U12 2020"]
[Site "Magdeburg GER"]
[Date "2021.08.07"]
[Round "5"]
[White "Schmidt, Frederick"]
[Black "Brandstrup, Luca Alexander"]
[Result "0-1"]
[Termination "normal"]
[Board "1.4"]
[WhiteElo "1208"]
[BlackElo "1516"]
[WhiteClock "00:27:09"]
[BlackClock "00:51:16"]
[WhiteTeam "USV TU Dresden"]
[BlackTeam "Hamburger SK von 1830 eV"]
[PlyCount "54"]
[WhiteFideId "34608176"]
[BlackFideId "16244990"]
[EventCountry "GER"]
[EventRounds "7"]
[EventType "team-swiss"]
[EventDate "2021.08.04"]

1. d4 {[%clk 01:30:58]} {[%emt 00:39:59]} Nf6 {[%clk 01:30:52]} 2. c4 {[%clk
01:31:20]} e6 {[%clk 01:31:16]} 3. Nc3 {[%clk 01:31:43]} Bb4 {[%clk 01:31:41]}
4. Bd2 {[%clk 01:31:57]} O-O {[%clk 01:31:42]} 5. Nf3 {[%clk 01:32:03]} {[%emt
00:00:03]} d5 {[%clk 01:31:23]} 6. e3 {[%clk 01:31:01]} Nbd7 {[%clk 01:30:50]}
7. Bd3 {[%clk 01:28:38]} c5 {[%clk 01:30:50]} 8. O-O {[%clk 01:28:38]} Re8
{[%clk 01:26:17]} {[%emt 00:00:13]} 9. dxc5 {[%clk 01:24:13]} Nxc5 {[%clk
01:24:20]} 10. a3 {[%clk 01:23:53]} Nxd3 {[%clk 01:23:24]} 11. axb4 {[%clk
01:20:20]} Nxb2 {[%clk 01:23:24]} {[%emt 00:05:26]} 12. Qc2 {[%clk 01:18:07]}
Nxc4 {[%clk 01:23:19]} 13. Nb5 {[%clk 01:09:56]} a6 {[%clk 01:21:30]} {[%emt
00:37:35]} 14. Na3 {[%clk 01:07:52]} b5 {[%clk 01:20:15]} 15. Nxb5 {[%clk
01:00:07]} Bb7 {[%clk 01:15:16]} 16. Na3 {[%clk 00:56:40]} Rc8 {[%clk
01:15:16]} 17. Nxc4 {[%clk 00:56:40]} Rxc4 {[%clk 01:15:16]} 18. Qb3 {[%clk
00:56:40]} Ne4 {[%clk 01:15:16]} 19. Rac1 {[%clk 00:56:40]} Qd6 {[%clk
01:15:16]} 20. Rxc4 {[%clk 00:41:36]} {[%emt 00:27:29]} dxc4 {[%clk 01:01:36]}
{[%emt 00:00:39]} 21. Qb2 {[%clk 00:39:54]} Rc8 {[%clk 00:57:01]} {[%emt
00:07:07]} 22. Rc1 {[%clk 00:37:51]} c3 {[%clk 00:55:04]} {[%emt 00:04:59]} 23.
Bxc3 {[%clk 00:32:40]} Nxc3 {[%clk 00:54:09]} {[%emt 00:11:10]} 24. Kf1 {[%clk
00:29:07]} Ne4 {[%clk 00:51:51]} {[%emt 00:03:01]} 25. Rxc8+ {[%clk 00:27:47]}
Bxc8 {[%clk 00:52:07]} {[%emt 00:02:05]} 26. Qc2 {[%clk 00:27:51]} Bb7 {[%clk
00:51:16]} {[%emt 00:01:33]} 27. Qc4 {[%clk 00:27:09]} Qd1+ {[%clk 00:51:16]}
0-1

[Event "DVM U12 2020"]
[Site "Magdeburg GER"]
[Date "2021.08.07"]
[Round "5"]
[White "Haubold, Sebastian Marcel"]
[Black "Schwan, Aaron"]
[Result "1-0"]
[Termination "normal"]
[Board "2.1"]
[WhiteElo "1813"]
[BlackElo "1532"]
[WhiteClock "00:14:21"]
[BlackClock "00:02:14"]
[WhiteTeam "SG Einheit Staßfurt"]
[BlackTeam "SK Tarrasch 1945 München"]
[PlyCount "91"]
[WhiteFideId "16259637"]
[BlackFideId "34603220"]
[EventCountry "GER"]
[EventRounds "7"]
[EventType "team-swiss"]
[EventDate "2021.08.04"]

1. e4 {[%clk 01:30:57]} g6 {[%clk 01:30:56]} 2. d4 {[%clk 01:31:22]} Bg7 {[%clk
01:31:19]} 3. Nf3 {[%clk 01:31:46]} c5 {[%clk 01:31:43]} 4. Nc3 {[%clk
01:32:10]} Qa5 {[%clk 01:30:26]} 5. Be2 {[%clk 01:30:39]} Nc6 {[%emt 00:00:04]}
6. d5 {[%clk 01:25:35]} {[%emt 00:00:59]} Nd4 {[%clk 01:27:19]} {[%emt
00:34:55]} 7. Bd2 {[%clk 01:25:34]} Nxf3+ {[%clk 01:24:44]} 8. Bxf3 {[%clk
01:24:01]} d6 {[%clk 01:23:51]} 9. O-O {[%clk 01:20:12]} {[%emt 00:00:04]} Nf6
{[%clk 01:20:52]} 10. a4 {[%clk 01:14:42]} O-O {[%clk 01:16:54]} 11. Re1 {[%clk
01:05:52]} {[%emt 00:01:08]} Nd7 {[%clk 01:13:48]} {[%emt 00:03:48]} 12. Qc1
{[%clk 01:04:50]} {[%emt 00:16:04]} Re8 {[%clk 01:09:04]} 13. Be2 {[%clk
01:00:34]} Ne5 {[%clk 01:05:35]} 14. f4 {[%clk 00:58:51]} {[%emt 00:06:56]} Ng4
{[%clk 01:02:04]} 15. Nb5 {[%clk 00:59:15]} Qd8 {[%clk 00:57:14]} {[%emt
00:04:05]} 16. h3 {[%clk 00:52:40]} {[%emt 00:09:40]} Nf6 {[%clk 00:48:59]}
{[%emt 00:08:58]} 17. Bf3 {[%clk 00:48:48]} {[%emt 00:01:32]} a6 {[%clk
00:41:30]} {[%emt 00:08:07]} 18. Nc3 {[%clk 00:48:04]} {[%emt 00:01:02]} e6
{[%clk 00:41:27]} {[%emt 00:00:38]} 19. dxe6 {[%clk 00:44:36]} {[%emt
00:03:54]} Bxe6 {[%clk 00:35:53]} {[%emt 00:06:06]} 20. Be3 {[%clk 00:40:41]}
{[%emt 00:04:30]} Qc7 {[%clk 00:34:03]} {[%emt 00:02:13]} 21. Qd2 {[%clk
00:38:37]} {[%emt 00:02:35]} Rad8 {[%clk 00:33:22]} {[%emt 00:01:11]} 22. Rad1
{[%clk 00:38:17]} {[%emt 00:03:27]} h5 {[%clk 00:28:51]} {[%emt 00:02:28]} 23.
Qf2 {[%clk 00:32:38]} {[%emt 00:06:11]} b6 {[%clk 00:23:01]} {[%emt 00:06:14]}
24. Rd2 {[%clk 00:30:31]} {[%emt 00:02:37]} Nd7 {[%clk 00:18:00]} {[%emt
00:07:39]} 25. f5 {[%emt 00:13:53]} gxf5 {[%clk 00:17:46]} 26. exf5 {[%clk
00:23:46]} Bxf5 {[%clk 00:18:10]} 27. Nd5 {[%clk 00:24:08]} Qb8 {[%clk
00:16:41]} {[%emt 00:00:04]} 28. Bxh5 {[%clk 00:24:25]} Bg6 {[%clk 00:14:30]}
29. Bxg6 {[%clk 00:22:39]} fxg6 {[%clk 00:15:00]} 30. Rf1 {[%clk 00:17:53]}
{[%emt 00:15:34]} Ne5 {[%clk 00:12:00]} 31. Bg5 {[%clk 00:17:52]} Rd7 {[%clk
00:12:03]} 32. Bf6 {[%clk 00:17:03]} Rf8 {[%clk 00:11:23]} 33. Qh4 {[%clk
00:17:25]} Nc6 {[%clk 00:09:32]} {[%emt 00:00:13]} 34. Bxg7 {[%clk 00:16:11]}
{[%emt 00:00:26]} Rxf1+ {[%clk 00:05:30]} {[%emt 00:04:38]} 35. Kxf1 {[%clk
00:16:37]} Kxg7 {[%clk 00:03:07]} {[%emt 00:02:50]} 36. Qf6+ {[%clk 00:16:15]}
{[%emt 00:00:56]} Kh7 {[%clk 00:03:36]} 37. Nf4 {[%clk 00:15:01]} {[%emt
00:01:41]} Qg8 {[%clk 00:03:13]} {[%emt 00:00:53]} 38. Qh4+ {[%clk 00:13:38]}
{[%emt 00:01:53]} Kg7 {[%clk 00:03:38]} {[%emt 00:00:05]} 39. Nxg6 {[%clk
00:14:01]} {[%emt 00:00:07]} Qf7+ {[%clk 00:03:09]} {[%emt 00:00:58]} 40. Nf4
{[%clk 00:14:07]} {[%emt 00:00:25]} Qc4+ {[%clk 00:03:06]} {[%emt 00:00:35]}
41. Kg1 {[%emt 00:00:04]} Ne5 {[%clk 00:02:48]} {[%emt 00:00:51]} 42. Qg5+
{[%clk 00:13:58]} {[%emt 00:01:00]} Kf8 {[%clk 00:02:30]} {[%emt 00:00:52]} 43.
Qf6+ {[%clk 00:13:51]} {[%emt 00:00:33]} Qf7 {[%clk 00:02:10]} {[%emt
00:00:56]} 44. Rxd6 {[%clk 00:13:51]} {[%emt 00:00:31]} Rxd6 {[%clk 00:01:46]}
{[%emt 00:00:53]} 45. Qxd6+ {[%clk 00:14:15]} {[%emt 00:00:05]} Qe7 {[%clk
00:02:14]} 46. Qxe5 {[%clk 00:14:21]} {[%emt 00:00:22]} 1-0

[Event "DVM U12 2020"]
[Site "Magdeburg GER"]
[Date "2021.08.07"]
[Round "5"]
[White "Rudolph, Alexander"]
[Black "Haubold, Christian Lucas"]
[Result "0-1"]
[Termination "normal"]
[Board "2.2"]
[WhiteElo "1352"]
[BlackElo "1649"]
[WhiteClock "00:58:27"]
[BlackClock "00:17:40"]
[WhiteTeam "SK Tarrasch 1945 München"]
[BlackTeam "SG Einheit Staßfurt"]
[PlyCount "86"]
[WhiteFideId "16275748"]
[BlackFideId "16259629"]
[EventCountry "GER"]
[EventRounds "7"]
[EventType "team-swiss"]
[EventDate "2021.08.04"]

1. e4 {[%clk 01:30:50]} {[%emt 00:00:10]} e5 {[%clk 01:30:51]} {[%emt
00:00:09]} 2. Nf3 {[%clk 01:30:57]} {[%emt 00:00:23]} Nc6 {[%clk 01:31:11]}
{[%emt 00:00:10]} 3. d4 {[%clk 01:30:58]} {[%emt 00:00:29]} exd4 {[%clk
01:31:30]} {[%emt 00:00:12]} 4. Nxd4 {[%clk 01:31:10]} {[%emt 00:00:39]} Qf6
{[%clk 01:31:32]} {[%emt 00:33:00]} 5. Be3 {[%clk 01:31:03]} Bc5 {[%clk
01:31:28]} 6. Nb5 {[%clk 01:30:52]} Bxe3 {[%clk 01:30:46]} 7. fxe3 {[%clk
01:30:36]} Qh4+ {[%clk 01:28:51]} {[%emt 00:00:04]} 8. g3 {[%clk 01:28:54]} Qd8
{[%clk 01:06:35]} 9. Qg4 {[%clk 01:28:53]} g6 {[%clk 01:06:09]} 10. Qf4 {[%clk
01:28:50]} {[%emt 00:00:15]} d6 {[%clk 01:06:12]} {[%emt 00:00:26]} 11. Bc4
{[%clk 01:29:00]} {[%emt 00:00:20]} Ne5 {[%clk 01:06:19]} {[%emt 00:00:24]} 12.
O-O {[%clk 01:27:57]} {[%emt 00:01:36]} Qd7 {[%clk 01:03:23]} {[%emt 00:03:22]}
13. Nd2 {[%clk 01:24:41]} {[%emt 00:03:47]} a6 {[%emt 00:16:06]} 14. Nd4 {[%clk
01:22:45]} h5 {[%clk 00:51:48]} 15. Bb3 {[%clk 01:11:08]} {[%emt 00:11:07]} Qe7
{[%clk 00:46:23]} {[%emt 00:05:50]} 16. Nc4 {[%clk 01:09:35]} {[%emt 00:02:16]}
Rh7 {[%clk 00:35:55]} {[%emt 00:10:46]} 17. Rad1 {[%clk 01:04:47]} {[%emt
00:05:16]} Bh3 {[%clk 00:33:41]} {[%emt 00:02:45]} 18. Rf2 {[%clk 01:00:33]}
{[%emt 00:04:44]} g5 {[%clk 00:31:56]} {[%emt 00:02:15]} 19. Nf5 {[%clk
01:00:06]} {[%emt 00:00:56]} gxf4 {[%clk 00:32:03]} {[%emt 00:00:23]} 20. Nxe7
{[%clk 01:00:26]} {[%emt 00:00:11]} Kxe7 {[%clk 00:32:22]} {[%emt 00:00:13]}
21. exf4 {[%clk 01:00:40]} {[%emt 00:00:22]} Nxc4 {[%clk 00:29:19]} {[%emt
00:03:27]} 22. Bxc4 {[%clk 01:01:08]} Bg4 {[%clk 00:29:17]} {[%emt 00:00:31]}
23. Rd3 {[%clk 01:01:34]} {[%emt 00:00:09]} Rd8 {[%clk 00:28:22]} {[%emt
00:01:21]} 24. f5 {[%clk 01:01:11]} {[%emt 00:00:57]} Nf6 {[%clk 00:28:14]}
{[%emt 00:00:32]} 25. Kg2 {[%clk 01:00:18]} {[%emt 00:01:23]} b5 {[%clk
00:27:22]} {[%emt 00:01:22]} 26. Bb3 {[%clk 01:00:15]} {[%emt 00:00:37]} h4
{[%clk 00:24:06]} {[%emt 00:03:43]} 27. gxh4 {[%clk 00:59:12]} {[%emt
00:01:36]} Rxh4 {[%clk 00:23:50]} {[%emt 00:00:42]} 28. h3 {[%clk 00:59:30]}
{[%emt 00:00:13]} Bh5 {[%clk 00:23:51]} {[%emt 00:00:31]} 29. Rc3 {[%clk
00:58:34]} {[%emt 00:01:24]} Rg8+ {[%clk 00:22:24]} {[%emt 00:01:58]} 30. Kf1
{[%clk 00:57:57]} {[%emt 00:01:06]} Kd8 {[%clk 00:22:23]} {[%emt 00:00:38]} 31.
e5 {[%clk 00:58:04]} {[%emt 00:00:16]} Ne4 {[%clk 00:22:16]} {[%emt 00:00:37]}
32. Bxf7 {[%clk 00:57:48]} {[%emt 00:00:47]} Bxf7 {[%clk 00:22:14]} {[%emt
00:00:36]} 33. e6 {[%clk 00:58:14]} {[%emt 00:00:04]} Bh5 {[%clk 00:22:01]}
{[%emt 00:00:39]} 34. f6 {[%clk 00:58:14]} {[%emt 00:00:29]} Nxf2 {[%clk
00:19:42]} {[%emt 00:02:50]} 35. f7 {[%clk 00:58:00]} {[%emt 00:00:43]} Rh8
{[%clk 00:19:07]} {[%emt 00:01:05]} 36. Re3 {[%clk 00:57:55]} {[%emt 00:00:43]}
Ne4 {[%clk 00:19:09]} {[%emt 00:00:30]} 37. Ra3 {[%clk 00:57:41]} {[%emt
00:00:35]} Rf4+ {[%clk 00:18:56]} {[%emt 00:00:43]} 38. Ke1 {[%clk 00:58:00]}
{[%emt 00:00:12]} Nc5 {[%clk 00:17:48]} {[%emt 00:01:37]} 39. c3 {[%clk
00:57:57]} {[%emt 00:00:36]} Re4+ {[%clk 00:17:20]} {[%emt 00:00:55]} 40. Kf2
{[%clk 00:58:20]} {[%emt 00:00:07]} Rxe6 {[%clk 00:17:15]} {[%emt 00:00:34]}
41. b4 {[%clk 00:58:27]} {[%emt 00:00:24]} Rf8 {[%clk 00:17:19]} {[%emt
00:00:26]} 42. bxc5 {[%emt 00:00:22]} Rxf7+ {[%emt 00:00:08]} 43. Kg3 {[%clk
00:58:27]} Rg6+ {[%clk 00:17:40]} {[%emt 00:00:10]} 0-1

[Event "DVM U12 2020"]
[Site "Magdeburg GER"]
[Date "2021.08.07"]
[Round "5"]
[White "Schambier, Leon Elias"]
[Black "Lipinsky, Pierre"]
[Result "0-1"]
[Termination "normal"]
[Board "2.3"]
[WhiteElo "1178"]
[BlackElo "1418"]
[WhiteClock "00:29:59"]
[BlackClock "01:35:03"]
[WhiteTeam "SG Einheit Staßfurt"]
[BlackTeam "SK Tarrasch 1945 München"]
[PlyCount "136"]
[WhiteFideId "34608184"]
[BlackFideId "16206290"]
[EventCountry "GER"]
[EventRounds "7"]
[EventType "team-swiss"]
[EventDate "2021.08.04"]

1. d4 {[%clk 01:30:56]} d5 {[%clk 01:30:59]} 2. Bf4 {[%clk 01:30:48]} c5 {[%clk
01:31:26]} 3. c3 {[%clk 01:30:37]} Nc6 {[%clk 01:31:41]} 4. Nf3 {[%clk
01:29:31]} Nf6 {[%clk 01:32:01]} {[%emt 00:00:15]} 5. e3 {[%clk 01:28:37]}
{[%emt 00:01:18]} Bg4 {[%clk 01:32:24]} {[%emt 00:00:11]} 6. Nbd2 {[%clk
01:26:19]} {[%emt 00:20:16]} e6 {[%clk 01:32:30]} 7. Qa4 Qb6 {[%clk 01:31:00]}
8. b3 {[%clk 01:14:07]} cxd4 {[%clk 01:30:11]} 9. Nxd4 {[%clk 01:01:46]} {[%emt
00:13:19]} a6 {[%clk 01:29:45]} 10. Bg5 {[%clk 00:47:33]} {[%emt 00:17:57]} Be7
{[%clk 01:28:00]} 11. Bxf6 {[%clk 00:47:01]} Bxf6 {[%clk 01:28:00]} {[%emt
00:00:57]} 12. Nxc6 {[%clk 00:45:34]} {[%emt 00:02:07]} Qxc6 {[%clk 01:27:58]}
13. Qxg4 {[%clk 00:40:57]} {[%emt 00:06:53]} Qxc3 {[%clk 01:26:54]} 14. Qd1
{[%clk 00:39:45]} {[%emt 00:01:20]} Qxa1 {[%clk 01:26:49]} {[%emt 00:01:18]}
15. Qxa1 {[%clk 00:40:09]} Bxa1 {[%clk 01:27:18]} 16. Be2 {[%clk 00:39:15]}
{[%emt 00:00:48]} Bc3 {[%clk 01:27:42]} {[%emt 00:01:58]} 17. Kd1 {[%clk
00:38:41]} Bxd2 {[%clk 01:27:59]} 18. Kxd2 {[%clk 00:39:05]} O-O {[%clk
01:28:17]} 19. Bd3 {[%clk 00:38:30]} {[%emt 00:03:37]} Rac8 {[%clk 01:26:00]}
20. e4 {[%clk 00:37:57]} {[%emt 00:01:11]} dxe4 {[%clk 01:25:53]} {[%emt
00:00:55]} 21. Bxe4 {[%clk 00:38:07]} Rfd8+ {[%clk 01:25:40]} {[%emt 00:00:39]}
22. Ke2 {[%clk 00:36:44]} {[%emt 00:01:57]} Rc7 {[%clk 01:25:14]} {[%emt
00:00:47]} 23. Re1 {[%clk 00:31:50]} {[%emt 00:05:40]} Rd4 {[%clk 01:24:58]}
{[%emt 00:00:28]} 24. Ke3 {[%clk 00:28:51]} {[%emt 00:03:35]} Rd6 {[%clk
01:24:50]} {[%emt 00:00:34]} 25. Kf4 {[%clk 00:23:07]} {[%emt 00:06:22]} Rd2
{[%clk 01:22:57]} {[%emt 00:02:15]} 26. Kg3 {[%clk 00:22:21]} {[%emt 00:01:33]}
Rc3+ {[%clk 01:22:51]} {[%emt 00:00:23]} 27. f3 {[%clk 00:22:25]} {[%emt
00:00:23]} Rxa2 {[%clk 01:23:05]} {[%emt 00:00:30]} 28. Bxb7 {[%clk 00:22:07]}
{[%emt 00:00:34]} g6 {[%clk 01:22:47]} {[%emt 00:00:47]} 29. Rb1 {[%clk
00:22:11]} {[%emt 00:00:34]} Ra3 {[%clk 01:22:54]} {[%emt 00:00:16]} 30. b4
{[%clk 00:22:21]} {[%emt 00:00:36]} Rcb3 {[%clk 01:23:01]} {[%emt 00:00:13]}
31. Rxb3 {[%clk 00:22:38]} {[%emt 00:00:13]} Rxb3 {[%emt 00:00:26]} 32. Bxa6
{[%clk 00:22:50]} Rxb4 {[%clk 01:23:57]} 33. Bd3 {[%clk 00:22:52]} {[%emt
00:00:19]} f5 {[%clk 01:24:21]} {[%emt 00:00:27]} 34. Kf2 {[%clk 00:23:05]} e5
{[%clk 01:24:40]} {[%emt 00:00:23]} 35. g3 {[%clk 00:23:16]} {[%emt 00:00:05]}
Rb2+ {[%clk 01:24:55]} {[%emt 00:00:10]} 36. Kg1 {[%clk 00:23:31]} {[%emt
00:00:17]} Kf7 {[%clk 01:24:37]} {[%emt 00:00:47]} 37. Kf1 {[%clk 00:23:37]}
{[%emt 00:00:25]} Rxh2 {[%clk 01:24:56]} {[%emt 00:00:39]} 38. Kg1 {[%clk
00:23:31]} {[%emt 00:00:08]} Rd2 {[%clk 01:24:27]} {[%emt 00:00:59]} 39. Bc4+
{[%clk 00:23:45]} {[%emt 00:00:36]} Kf6 {[%clk 01:24:44]} 40. Kf1 {[%clk
00:23:55]} {[%emt 00:00:13]} e4 {[%clk 01:24:46]} {[%emt 00:00:27]} 41. f4
{[%clk 00:24:04]} {[%emt 00:00:25]} h6 {[%clk 01:25:03]} {[%emt 00:00:15]} 42.
Be2 {[%clk 00:24:18]} {[%emt 00:00:28]} g5 {[%clk 01:25:25]} 43. fxg5+ {[%clk
00:24:31]} {[%emt 00:00:17]} hxg5 {[%clk 01:25:48]} {[%emt 00:00:04]} 44. Kf2
{[%clk 00:24:39]} {[%emt 00:00:25]} Rxe2+ {[%clk 01:26:11]} 45. Kxe2 {[%clk
00:25:03]} {[%emt 00:00:25]} f4 {[%clk 01:26:33]} 46. g4 {[%clk 00:25:20]}
{[%emt 00:00:03]} Ke5 {[%clk 01:26:58]} {[%emt 00:00:05]} 47. Kf2 {[%clk
00:25:38]} {[%emt 00:00:36]} Kd4 {[%clk 01:27:20]} 48. Ke2 {[%clk 00:25:59]}
Kc3 {[%clk 01:27:45]} {[%emt 00:00:03]} 49. Kf2 {[%clk 00:26:15]} {[%emt
00:00:15]} Kd2 {[%clk 01:28:09]} 50. Kf1 {[%clk 00:26:37]} {[%emt 00:00:10]} f3
{[%clk 01:28:29]} {[%emt 00:00:04]} 51. Kf2 {[%clk 00:26:58]} {[%emt 00:00:38]}
e3 {[%clk 01:28:54]} 52. Kxf3 {[%clk 00:27:11]} e2 {[%clk 01:29:24]} {[%emt
00:00:08]} 53. Ke4 {[%clk 00:26:56]} {[%emt 00:00:05]} e1=Q+ {[%clk 01:29:51]}
{[%emt 00:00:54]} 54. Kd5 Qe3 {[%emt 00:00:04]} 55. Kc5 {[%clk 00:26:48]}
{[%emt 00:00:11]} Qe4 {[%clk 01:30:15]} {[%emt 00:00:10]} 56. Kd6 {[%clk
00:27:07]} {[%emt 00:00:04]} Kd3 {[%clk 01:30:30]} {[%emt 00:00:42]} 57. Kc5
{[%clk 00:27:18]} Qc4+ {[%clk 01:30:53]} {[%emt 00:00:19]} 58. Kd6 {[%clk
00:27:36]} Qb5 {[%clk 01:31:17]} {[%emt 00:00:03]} 59. Ke6 {[%clk 00:27:53]}
{[%emt 00:02:17]} Ke4 {[%clk 01:31:41]} 60. Kd6 {[%clk 00:27:14]} Qd5+ {[%clk
01:32:05]} 61. Ke7 {[%clk 00:27:31]} Qc6 {[%clk 01:32:31]} 62. Kf7 {[%clk
00:27:50]} {[%emt 00:00:15]} Qd6 {[%clk 01:32:55]} 63. Kg7 {[%clk 00:28:11]}
Qe6 {[%clk 01:33:19]} 64. Kh7 {[%clk 00:28:29]} Qf6 {[%clk 01:33:44]} {[%emt
00:00:11]} 65. Kg8 {[%clk 00:28:52]} {[%emt 00:00:09]} Qe7 {[%clk 01:34:09]}
66. Kh8 {[%clk 00:29:13]} {[%emt 00:00:04]} Ke5 {[%clk 01:34:38]} {[%emt
00:00:29]} 67. Kg8 {[%clk 00:29:35]} Kf6 {[%clk 01:35:03]} 68. Kh8 {[%clk
00:29:59]} Qg7# 0-1